Geometría en el plano : cuaderno de actividades 6 /

Guardado en:
Autor Principal: Burgos, Román Juan de
Formato: Libro
Publicado: Madrid : Ncgraw-hil, 1998
Materias:
Etiquetas: Agregar Etiqueta
Sin Etiquetas, Sea el primero en etiquetar este registro!
LEADER 00736nam a22002175a 4500
001 CEM.cems010039
005 20080618120435.0
008 130507s1998##################000#0#####d
003 CEMS
020 |a 8448112407 
082 0 4 |a 513.1 
100 1 |a Burgos, Román Juan de 
245 1 0 |a Geometría en el plano :  |b cuaderno de actividades 6 /  |c Juan de Burgos Román 
260 |a Madrid :  |b Ncgraw-hil,  |c 1998 
300 |a 55 p. 
500 |a Matemáticas 2º Eso 
505 0 |a Vectores en el plano -- Rectas, distancias y ángulos -- Circunferencias -- Cónicas 
653 |a Matemática 
653 |a Matemática-polimodal 
653 |a Matemática-educación secundaria básica 
859 |a CEMS  |b BIB. CEMS - 11 de abril  |h 513.1  |i B915  |p 20551.99  |t Ej.1